[Event "Int. Stuttgarter Stadtmeisterschaft A"]
[Site "Ditzingen"]
[Date "2013.05.10"]
[Round "4.36"]
[White "Wedrychowski, Lukas"]
[Black "Häussler, Daniel"]
[Result "1/2-1/2"]
[WhiteElo "1925"]
[BlackElo "1992"]
[PlyCount "31"]
[EventDate "2013.??.??"]
[WhiteTeam "SC Garching 1980 e.V."]
[BlackTeam "SC Ostfildern 1952 e.V."]

1. d4 Nf6 2. c4 c5 3. d5 e6 4. Nc3 exd5 5. cxd5 d6 6. g3 g6 7. Bg2 Bg7 8. Nf3
O-O 9. O-O Re8 10. Nd2 Bd7 11. Nc4 Qc7 12. Bf4 Bf8 13. a4 Na6 14. Re1 Nb4 15.
Bf3 h6 16. h4 1/2-1/2

[Event "Int. Stuttgarter Stadtmeisterschaft A"]
[Site "Ditzingen"]
[Date "2013.05.10"]
[Round "4.37"]
[White "Gheng, Simona"]
[Black "Heeke, Guido"]
[Result "1-0"]
[WhiteElo "2025"]
[BlackElo "1908"]
[PlyCount "97"]
[EventDate "2013.??.??"]
[WhiteTeam "TSV Schönaich"]
[BlackTeam "SV Letmathe 1933 e.V."]

1. e4 e6 2. d4 d5 3. Nd2 Nf6 4. Bd3 dxe4 5. Nxe4 Bd7 6. Nf3 Be7 7. O-O Bc6 8.
Qe2 O-O 9. c3 Bxe4 10. Bxe4 Nxe4 11. Qxe4 Qd5 12. Qxd5 exd5 13. Bf4 c6 14. Rfe1
Bf6 15. Bd6 Rc8 16. Be5 Nd7 17. Bxf6 Nxf6 18. Re7 Rab8 19. Ne5 Rf8 20. f3 g5
21. Kf2 Kg7 22. Re1 a5 23. Nd7 Nxd7 24. Rxd7 b5 25. Rc7 b4 26. Ra7 Rb5 27. Ree7
bxc3 28. bxc3 Rb2+ 29. Re2 Rxe2+ 30. Kxe2 Rb8 31. Rxa5 Rb2+ 32. Kf1 Rb1+ 33.
Kf2 Rb2+ 34. Kg3 h5 35. h4 f6 36. a4 Kg6 37. hxg5 fxg5 38. Ra6 Kf5 39. Rxc6 h4+
40. Kh2 Ra2 41. Rd6 Rxa4 42. Rxd5+ Kf4 43. Re5 Rc4 44. Re4+ Kf5 45. Re3 Rc8 46.
d5 Rh8 47. d6 h3 48. g4+ Kf4 49. Rd3 1-0

[Event "Int. Stuttgarter Stadtmeisterschaft A"]
[Site "Ditzingen"]
[Date "2013.05.10"]
[Round "4.38"]
[White "Srokovskiy, Andrea"]
[Black "Ackermann, Hermann"]
[Result "1/2-1/2"]
[WhiteElo "1767"]
[BlackElo "1973"]
[PlyCount "58"]
[EventDate "2013.??.??"]
[WhiteTeam "OSG Baden-Baden"]
[BlackTeam "SC Pforzheim 1906"]

1. d4 e6 2. c4 Nf6 3. Nc3 b6 4. e3 d5 5. Nf3 Be7 6. Bd3 O-O 7. O-O Bb7 8. b3
Nbd7 9. Bb2 c5 10. Re1 cxd4 11. exd4 Rc8 12. Ne5 Bd6 13. Nb5 Bb4 14. Re2 a6 15.
a3 Be7 16. Nc3 g6 17. Rc1 Nxe5 18. dxe5 Nh5 19. cxd5 Nf4 20. Re1 exd5 21. Ne2
Ne6 22. Rxc8 Qxc8 23. b4 Qd7 24. Nd4 Nf4 25. Bf1 a5 26. bxa5 bxa5 27. Qd2 Qg4
28. g3 Ne6 29. Be2 Qh3 1/2-1/2

[Event "Int. Stuttgarter Stadtmeisterschaft A"]
[Site "Ditzingen"]
[Date "2013.05.10"]
[Round "4.39"]
[White "Kammer, Christoph"]
[Black "Grünert, Thomas"]
[Result "1-0"]
[WhiteElo "1968"]
[BlackElo "1871"]
[PlyCount "101"]
[EventDate "2013.??.??"]
[WhiteTeam "TSV Nittenau"]
[BlackTeam "SF Illingen"]

1. e4 c5 2. Nc3 e6 3. f4 g6 4. Nf3 Bg7 5. d4 cxd4 6. Nxd4 a6 7. Be3 Ne7 8. Qf3
Nbc6 9. Nb3 b5 10. O-O-O Qc7 11. Qf2 d6 12. g4 Rb8 13. h4 Nb4 14. e5 d5 15. Bc5
Nbc6 16. Bd6 Qb6 17. Bc5 Qd8 18. Ne4 h5 19. Nf6+ Bxf6 20. exf6 hxg4 21. fxe7
Nxe7 22. Nd4 Qc7 23. Bb4 f5 24. Re1 Qb6 25. Qe3 Rh7 26. Nxe6 Bxe6 27. Qxe6 Qxe6
28. Rxe6 Kd7 29. Rxe7+ Rxe7 30. Bxe7 Kxe7 31. Bg2 Rd8 32. h5 Rh8 33. hxg6 Rxh1+
34. Bxh1 Kf6 35. Bxd5 Kxg6 36. Kd2 Kh5 37. Ke3 Kh4 38. Be6 g3 39. Bxf5 g2 40.
Kf2 g1=Q+ 41. Kxg1 Kg3 42. Bc8 Kxf4 43. Bxa6 b4 44. Kf2 Ke4 45. Ke2 Kd4 46. Kd2
Kc5 47. c3 Kb6 48. Bf1 Ka5 49. c4 Kb6 50. Kc2 Ka5 51. Kb3 1-0

[Event "Int. Stuttgarter Stadtmeisterschaft A"]
[Site "Ditzingen"]
[Date "2013.05.10"]
[Round "4.40"]
[White "Engelhardt, Frank"]
[Black "Giricz, Thomas"]
[Result "1/2-1/2"]
[WhiteElo "1882"]
[BlackElo "1875"]
[PlyCount "56"]
[EventDate "2013.??.??"]
[WhiteTeam "SC Schachmatt Botnang"]
[BlackTeam "VfL Sindelfingen"]

1. e4 c5 2. Nf3 e6 3. g3 d6 4. Bg2 Nc6 5. O-O Rb8 6. d4 cxd4 7. Nxd4 Nf6 8.
Nxc6 bxc6 9. e5 Nd5 10. c4 Ba6 11. cxd5 Bxf1 12. Bxf1 exd5 13. exd6 Bxd6 14.
Qd4 O-O 15. Nc3 Qe7 16. Qd1 Be5 17. Qe2 Qf6 18. Nd1 c5 19. Bg2 Rfd8 20. Ne3
Bxb2 21. Nxd5 Qd4 22. Ne7+ Kh8 23. Be3 Qf6 24. Rb1 Bd4 25. Rxb8 Rxb8 26. Bxd4
cxd4 27. Qe1 Rb2 28. Nd5 Qe6 1/2-1/2

[Event "Int. Stuttgarter Stadtmeisterschaft A"]
[Site "Ditzingen"]
[Date "2013.05.10"]
[Round "4.41"]
[White "Hoeschele, Hans-Ulrich"]
[Black "Süß, Stefan"]
[Result "1/2-1/2"]
[WhiteElo "2115"]
[BlackElo "1826"]
[PlyCount "81"]
[EventDate "2013.??.??"]
[WhiteTeam "Stuttgarter SF 1879"]
[BlackTeam "Mosbacher SC von 1931"]

1. d4 Nf6 2. Nf3 d6 3. g3 g6 4. Bg2 Bg7 5. O-O O-O 6. Nbd2 Nbd7 7. c3 e5 8.
dxe5 dxe5 9. Qc2 Re8 10. e4 Nc5 11. b3 Qd3 12. Qxd3 Nxd3 13. Ba3 b6 14. h3 Ba6
15. Rfd1 Bf8 16. Bxf8 Kxf8 17. Bf1 Nc5 18. Bxa6 Nxa6 19. Re1 Nc5 20. b4 Ncd7
21. a4 a6 22. Nc4 h6 23. a5 b5 24. Ne3 c6 25. Rad1 Re6 26. Ng4 Kg7 27. Rd3 Nxg4
28. hxg4 Ra7 29. g5 h5 30. Red1 Re7 31. Rd6 Rc7 32. Kg2 Kf8 33. R1d3 Ke8 34.
Nd2 Re6 35. c4 Rxd6 36. Rxd6 Ke7 37. c5 Rc8 38. f4 exf4 39. gxf4 Rc7 40. Nf3
Rc8 41. Kg3 1/2-1/2

[Event "Int. Stuttgarter Stadtmeisterschaft A"]
[Site "Ditzingen"]
[Date "2013.05.10"]
[Round "4.42"]
[White "Frederiksen Kristian, Pade"]
[Black "Schmidt, Tobias"]
[Result "0-1"]
[WhiteElo "1843"]
[BlackElo "1924"]
[PlyCount "70"]
[EventDate "2013.??.??"]
[WhiteTeam "Europchess"]
[BlackTeam "SC Tamm 74"]

1. d4 d5 2. c4 dxc4 3. Nf3 Nf6 4. e3 e6 5. Bxc4 c5 6. O-O a6 7. a4 Nc6 8. Qe2
cxd4 9. Rd1 Be7 10. exd4 O-O 11. Nc3 Nb4 12. Bg5 Qa5 13. Rac1 Rd8 14. Bb3 Nfd5
15. Bd2 Qb6 16. a5 Qd6 17. Ne4 Qb8 18. Ne5 Bd7 19. Ng5 Be8 20. Nh3 Qa7 21. Be3
Rac8 22. Qg4 Qb8 23. Nf4 Nxf4 24. Bxf4 Rxc1 25. Bxc1 Qc7 26. Nc4 Bf6 27. Bf4
Qe7 28. Be5 Bc6 29. Re1 Bd5 30. Re3 Rc8 31. Nb6 Rc1+ 32. Bd1 Bxe5 33. Nxd5 Qh4
34. Ne7+ Kf8 35. Ng6+ hxg6 0-1

[Event "Int. Stuttgarter Stadtmeisterschaft A"]
[Site "Ditzingen"]
[Date "2013.05.10"]
[Round "4.43"]
[White "Zorn, Nico"]
[Black "Zeh, Rolf"]
[Result "0-1"]
[WhiteElo "1837"]
[BlackElo "1947"]
[PlyCount "32"]
[EventDate "2013.??.??"]
[WhiteTeam "SC Laufenburg"]
[BlackTeam "SV 23 Böckingen"]

1. c4 e6 2. d4 d5 3. e3 Nf6 4. Nc3 c6 5. Nf3 Bd6 6. c5 Bc7 7. Bd3 Nbd7 8. O-O
e5 9. dxe5 Nxe5 10. Nxe5 Bxe5 11. Qc2 Bxh2+ 12. Kxh2 Ng4+ 13. Kg3 Qg5 14. e4
Ne3+ 15. Kf3 Bg4+ 16. Kg3 Be2+ 0-1

[Event "Int. Stuttgarter Stadtmeisterschaft A"]
[Site "Ditzingen"]
[Date "2013.05.10"]
[Round "4.44"]
[White "Weber, Sandra"]
[Black "Speicher, Franz"]
[Result "1-0"]
[WhiteElo "1766"]
[BlackElo "1898"]
[PlyCount "99"]
[EventDate "2013.??.??"]
[WhiteTeam "SC Neckarsulm e.V."]
[BlackTeam "SV Dicker Turm Esslingen"]

1. e4 c6 2. d4 d5 3. Nc3 dxe4 4. Nxe4 Bf5 5. Ng3 Bg6 6. h4 h6 7. Nf3 Nd7 8. h5
Bh7 9. Bd3 Bxd3 10. Qxd3 e6 11. Bd2 Ngf6 12. Qe2 Be7 13. O-O-O O-O 14. Ne4 Nxe4
15. Qxe4 Nf6 16. Qe2 Qd5 17. c4 Qf5 18. Ne5 Ne4 19. g4 Qh7 20. Be3 Bf6 21. Nd7
Rfd8 22. Nxf6+ gxf6 23. Rhg1 b5 24. f3 Nd6 25. c5 Nc4 26. Bf2 Kf8 27. b3 Na3
28. Kb2 b4 29. Bh4 Ke7 30. Rd2 Rd5 31. Qa6 Rad8 32. Bf2 Nb5 33. Rgd1 Nc3 34.
Re1 Qh8 35. Qxc6 a5 36. Bg3 e5 37. Bh4 e4 38. Bf2 Rc8 39. Qb6 Qd8 40. Qa6 Rdxc5
41. fxe4 Nb5 42. d5 Qc7 43. d6+ Nxd6 44. Bxc5 Qxc5 45. Qd3 Rd8 46. Kb1 Qe5 47.
Qd4 Qf4 48. Rf2 Qg5 49. e5 Nb7 50. Qe4 1-0

[Event "Int. Stuttgarter Stadtmeisterschaft A"]
[Site "Ditzingen"]
[Date "2013.05.10"]
[Round "4.45"]
[White "Wezel, Sebastian"]
[Black "Schmidt, Markus"]
[Result "0-1"]
[WhiteElo "1848"]
[BlackElo "1894"]
[PlyCount "40"]
[EventDate "2013.??.??"]
[WhiteTeam "SV Dettingen Erms"]
[BlackTeam "Stuttgarter SF 1879"]

1. e4 g6 2. d4 d6 3. Nc3 Bg7 4. f4 e6 5. Nf3 Ne7 6. Be3 c6 7. Bd3 Nd7 8. Qd2 b5
9. Ne2 a6 10. a4 Bb7 11. O-O h6 12. Ng3 f5 13. e5 dxe5 14. dxe5 Nd5 15. Bf2 Bf8
16. Ne2 Nc5 17. Ned4 Kf7 18. g3 Nxa4 19. c3 Qd7 20. h4 c5 0-1

[Event "Int. Stuttgarter Stadtmeisterschaft A"]
[Site "Ditzingen"]
[Date "2013.05.10"]
[Round "4.46"]
[White "Schömbs, Oliver"]
[Black "Helmich, Jörg"]
[Result "1-0"]
[WhiteElo "1870"]
[BlackElo "1803"]
[PlyCount "95"]
[EventDate "2013.??.??"]
[WhiteTeam "SC Ingersheim e.V."]
[BlackTeam "Regensb. Turnerschaft"]

1. e4 e5 2. Nf3 Nf6 3. Nxe5 d6 4. Nf3 Nxe4 5. d4 d5 6. Bd3 Nc6 7. O-O Be7 8.
Nc3 Nxc3 9. bxc3 Bg4 10. Rb1 Rb8 11. Re1 Bxf3 12. Qxf3 O-O 13. Rb5 Bd6 14. Rxd5
Re8 15. Be3 Ne7 16. Rh5 g6 17. Rh3 Qd7 18. Kf1 Nf5 19. Bd2 Rxe1+ 20. Bxe1 c6
21. Bc4 Bf8 22. Bd2 b5 23. Bd3 Re8 24. g4 Nd6 25. Rg3 Nc4 26. Bg5 Qd5 27. Qxd5
cxd5 28. h4 h6 29. Bc1 Kg7 30. h5 g5 31. Rf3 a6 32. Rf5 Rd8 33. f4 f6 34. fxg5
fxg5 35. Rf2 Re8 36. Bg6 Re7 37. Rf5 Ne3+ 38. Bxe3 Rxe3 39. Rxd5 Rxc3 40. Rd7+
Kg8 41. Kg2 Rc8 42. d5 Bg7 43. Bf5 Re8 44. Ra7 Bd4 45. Be6+ Kh8 46. Rxa6 Rf8
47. Bf5 Re8 48. Rxh6+ 1-0

[Event "Int. Stuttgarter Stadtmeisterschaft A"]
[Site "Ditzingen"]
[Date "2013.05.11"]
[Round "5.1"]
[White "Karpatchev, Aleksandr"]
[Black "Cuenca Jimenez, Jose Fernando"]
[Result "1/2-1/2"]
[WhiteElo "2488"]
[BlackElo "2483"]
[PlyCount "59"]
[EventDate "2013.??.??"]
[WhiteTeam "SF Bad Mergentheim"]

1. e4 c5 2. Nf3 Nc6 3. c3 Nf6 4. e5 Nd5 5. Bc4 Nb6 6. Bb3 c4 7. Bc2 d6 8. exd6
Qxd6 9. O-O Bg4 10. Re1 O-O-O 11. Qe2 Qf6 12. Be4 Kb8 13. b3 Ne5 14. bxc4 Bxf3
15. gxf3 Nexc4 16. d3 Nd6 17. a4 e6 18. a5 Nd5 19. a6 b6 20. Ra4 Nxc3 21. Nxc3
Qxc3 22. Bf4 e5 23. Bg3 Be7 24. f4 Qb3 25. fxe5 Qxa4 26. exd6 Bxd6 27. Bg2 Bxg3
28. Qf3 Bxf2+ 29. Kh1 Qd7 30. Qa8+ 1/2-1/2

[Event "Int. Stuttgarter Stadtmeisterschaft A"]
[Site "Ditzingen"]
[Date "2013.05.11"]
[Round "5.2"]
[White "Ikonnikov, Vyacheslav"]
[Black "Nabavi, Parwis"]
[Result "1-0"]
[WhiteElo "2533"]
[BlackElo "2139"]
[PlyCount "113"]
[EventDate "2013.??.??"]
[WhiteTeam "SF Bad Mergentheim"]
[BlackTeam "SGEM Dreisamtal"]

1. d4 d5 2. c4 e6 3. Nc3 Nf6 4. cxd5 exd5 5. Bg5 Be7 6. e3 c6 7. Bd3 Nbd7 8.
Qc2 O-O 9. Nf3 Re8 10. O-O Nf8 11. h3 g6 12. Ne5 Nh5 13. Bxe7 Qxe7 14. Rfe1 Ng7
15. e4 dxe4 16. Nxe4 Bf5 17. Ng4 Bxg4 18. hxg4 Nge6 19. Qc3 Ng5 20. d5 Nxe4 21.
Bxe4 cxd5 22. Bxg6 Qd6 23. Bf5 Rxe1+ 24. Rxe1 d4 25. Qb3 b6 26. Qf3 Rd8 27. Bd3
Ng6 28. Qf5 Qc5 29. Qf6 Qc8 30. g3 Re8 31. Rxe8+ Qxe8 32. Qxd4 Qe5 33. Qxe5
Nxe5 34. Be2 h6 35. f4 Nc6 36. Kf2 Kf8 37. Ke3 Ke7 38. Ke4 Nd8 39. Kd5 Ne6 40.
Bd3 Nc5 41. Bc2 f6 42. b4 Na6 43. a3 Nc7+ 44. Kc6 Ne6 45. Bd3 Nd4+ 46. Kd5 Ne6
47. Bf5 Nc7+ 48. Kc6 Ne8 49. a4 Nd6 50. Bd3 Ke6 51. Bc2 Ke7 52. Bf5 Nc4 53. Bc2
Ne3 54. Bb3 Nxg4 55. Kb7 Kd6 56. Kxa7 Kc7 57. b5 1-0

[Event "Int. Stuttgarter Stadtmeisterschaft A"]
[Site "Ditzingen"]
[Date "2013.05.11"]
[Round "5.3"]
[White "Dgebuadze, Alexandre"]
[Black "Manakov, Ilya"]
[Result "1/2-1/2"]
[WhiteElo "2528"]
[BlackElo "2350"]
[PlyCount "121"]
[EventDate "2013.??.??"]
[WhiteTeam "SC 1950 Remagen"]
[BlackTeam "SC Erdmannhausen"]

1. c4 Nf6 2. Nc3 g6 3. g3 Bg7 4. Bg2 O-O 5. d3 e5 6. h4 Nc6 7. Nd5 Nxd5 8. cxd5
Nd4 9. h5 d6 10. e3 Nf5 11. Nf3 c6 12. hxg6 hxg6 13. e4 Nd4 14. Nxd4 exd4 15.
dxc6 bxc6 16. Bf4 Rb8 17. Qd2 Re8 18. Bh6 Bxh6 19. Qxh6 Qa5+ 20. Kf1 Qe5 21. b3
Qg7 22. Qd2 Re5 23. Rc1 Bd7 24. Bh3 Rh5 25. Kg2 Bxh3+ 26. Rxh3 Rxh3 27. Kxh3 c5
28. Qf4 Re8 29. Kg2 Re5 30. b4 g5 31. Qg4 f5 32. exf5 Qf6 33. bxc5 dxc5 34. Rb1
Rxf5 35. Qe2 Qf7 36. Rb8+ Kg7 37. Kg1 Kg6 38. a4 Qd5 39. Rh8 Rf7 40. Qh5+ Kf6
41. Re8 Rg7 42. Rf8+ Rf7 43. Qh8+ Kf5 44. Qg8 Kf6 45. a5 Qb3 46. Qh8+ Kf5 47.
Rxf7+ Qxf7 48. Qc8+ Kg6 49. Qc6+ Qf6 50. Qb7 c4 51. dxc4 d3 52. Qe4+ Qf5 53.
Qe8+ Kg7 54. Qe7+ Kg6 55. Qd6+ Kg7 56. c5 Qe4 57. Qd7+ Kg6 58. c6 Qe1+ 59. Kg2
d2 60. Qd3+ Kh6 61. c7 1/2-1/2

[Event "Int. Stuttgarter Stadtmeisterschaft A"]
[Site "Ditzingen"]
[Date "2013.05.11"]
[Round "5.4"]
[White "Aring, Gerd"]
[Black "Dobosz, Henryk"]
[Result "0-1"]
[WhiteElo "2196"]
[BlackElo "2374"]
[PlyCount "102"]
[EventDate "2013.??.??"]
[WhiteTeam "SV Nürtingen 1920"]
[BlackTeam "BG Buchen"]

1. d4 d6 2. g3 g6 3. Bg2 Bg7 4. Nf3 Nf6 5. O-O O-O 6. c4 Nc6 7. Nc3 a6 8. b3
Rb8 9. e3 b5 10. Nd2 Bd7 11. Bb2 e5 12. cxb5 axb5 13. d5 Nb4 14. Qe2 Bf5 15. e4
Bg4 16. f3 Bd7 17. Rfc1 c5 18. a3 Na6 19. a4 Bh6 20. Rd1 Nc7 21. Rdb1 Nfe8 22.
Bc1 Na6 23. Nf1 Bxc1 24. Rxc1 f5 25. Nd2 f4 26. axb5 Nac7 27. gxf4 Rxf4 28. Ra5
g5 29. Rca1 h5 30. Qc4 g4 31. b4 cxb4 32. Qxb4 gxf3 33. Nxf3 h4 34. Ne2 Rg4 35.
Kh1 Bxb5 36. Rb1 Qf6 37. Neg1 Rxg2 38. Kxg2 Bf1+ 39. Kxf1 Rxb4 40. Rxb4 Qf4 41.
Ra2 Nxd5 42. Rg2+ Kf8 43. Rf2 Ne3+ 44. Ke2 Ng4 45. Rb2 Qxe4+ 46. Kf1 Nxf2 47.
Rxf2 Ke7 48. Nh3 Nf6 49. Nfg5 Qc4+ 50. Kg2 Qg4+ 51. Kf1 Nd5 0-1

[Event "Int. Stuttgarter Stadtmeisterschaft A"]
[Site "Ditzingen"]
[Date "2013.05.11"]
[Round "5.5"]
[White "Melzner, Lukas"]
[Black "Tuncer, Ufuk"]
[Result "1/2-1/2"]
[WhiteElo "2189"]
[BlackElo "2328"]
[PlyCount "55"]
[EventDate "2013.??.??"]
[WhiteTeam "SK Klosterlechfeld"]
[BlackTeam "SC Bad Königshofen 1957"]

1. c4 g6 2. g3 Bg7 3. Bg2 d6 4. Nc3 e5 5. e4 Nc6 6. Nge2 h5 7. h4 Be6 8. d3 Qd7
9. Nd5 O-O-O 10. Qa4 Kb8 11. b4 Nd4 12. b5 Nxe2 13. Kxe2 Bxd5 14. cxd5 Ne7 15.
Bg5 f5 16. Bxe7 Qxe7 17. Rac1 Qd7 18. Rc3 fxe4 19. dxe4 a6 20. Rb1 Rhf8 21. Rc6
Qg4+ 22. Ke1 Rxf2 23. Kxf2 Rf8+ 24. Kg1 Qxg3 25. bxa6 Qf2+ 26. Kh1 Qxh4+ 27.
Kg1 Qf2+ 28. Kh1 1/2-1/2

[Event "Int. Stuttgarter Stadtmeisterschaft A"]
[Site "Ditzingen"]
[Date "2013.05.11"]
[Round "5.6"]
[White "Krockenberger, Martin"]
[Black "Gheng, Josef"]
[Result "0-1"]
[WhiteElo "2180"]
[BlackElo "2311"]
[PlyCount "120"]
[EventDate "2013.??.??"]
[WhiteTeam "SK Schmiden/Cannstatt"]
[BlackTeam "SC Erdmannhausen"]

1. c4 Nf6 2. Nc3 e5 3. g3 d5 4. cxd5 Nxd5 5. Bg2 Nb6 6. Nf3 Nc6 7. O-O Be7 8.
a3 Be6 9. b4 f6 10. d3 Qd7 11. Be3 Nd5 12. Qc2 a5 13. b5 Nxe3 14. fxe3 Na7 15.
d4 Nxb5 16. Nxb5 Qxb5 17. dxe5 Qc5 18. Qxc5 Bxc5 19. Nd4 Bxd4 20. exd4 fxe5 21.
Bxb7 Rb8 22. Bc6+ Ke7 23. dxe5 Rb2 24. Bf3 c5 25. Rfc1 Rc8 26. Kf2 c4 27. Rc3
Rc5 28. Rac1 Rxe5 29. Rxc4 Bxc4 30. Rxc4 Rb3 31. Rg4 g5 32. Ra4 h6 33. h4 Kf6
34. h5 Ke7 35. g4 Kd6 36. Rc4 Re6 37. a4 Rb4 38. Rc6+ Ke7 39. Rc7+ Kf6 40. Rc5
Rxa4 41. Rf5+ Ke7 42. Rb5 Ra6 43. Rb7+ Kd6 44. Rg7 Kc5 45. Rc7+ Kd6 46. Rh7 Ke5
47. Re7+ Re6 48. Ra7 Rf6 49. Ke1 Kd4 50. Kd2 Ra2+ 51. Kc1 Ke3 52. Re7+ Kf2 53.
Kb1 Rd2 54. Kc1 Rd4 55. Be4 Kxe2 56. Kc2 Rxe4 57. Rxe4+ Kf3 58. Rc4 Rf4 59. Rc6
Kxg4 60. Rxh6 Rf2+ 0-1

[Event "Int. Stuttgarter Stadtmeisterschaft A"]
[Site "Ditzingen"]
[Date "2013.05.11"]
[Round "5.7"]
[White "Ortmann, David"]
[Black "Wenner, Tobias"]
[Result "1-0"]
[WhiteElo "2302"]
[BlackElo "2111"]
[PlyCount "61"]
[EventDate "2013.??.??"]
[WhiteTeam "SC Böblingen 1975 e.V."]
[BlackTeam "SC Eppingen"]

1. Nf3 Nf6 2. c4 c5 3. Nc3 g6 4. d4 cxd4 5. Nxd4 Bg7 6. e4 d6 7. Be2 O-O 8. O-O
Nc6 9. Be3 a6 10. Qd2 Ng4 11. Bxg4 Bxg4 12. f4 Bd7 13. Rac1 e6 14. Rfd1 Nxd4
15. Bxd4 Bxd4+ 16. Qxd4 Bc6 17. b4 e5 18. Qxd6 Qb6+ 19. c5 Qxb4 20. Qxe5 Rfe8
21. Qd4 Qxd4+ 22. Rxd4 Rad8 23. Rcd1 Rxd4 24. Rxd4 f6 25. Kf2 Kf7 26. g3 g5 27.
Nd5 gxf4 28. gxf4 Rg8 29. Nb4 Bb5 30. Rd6 a5 31. Rb6 1-0

[Event "Int. Stuttgarter Stadtmeisterschaft A"]
[Site "Ditzingen"]
[Date "2013.05.11"]
[Round "5.8"]
[White "Bluma, Marcel"]
[Black "Wenninger, Philipp"]
[Result "1/2-1/2"]
[WhiteElo "2109"]
[BlackElo "2220"]
[PlyCount "67"]
[EventDate "2013.??.??"]
[WhiteTeam "SC Ingersheim e.V."]
[BlackTeam "SC Erlangen 48/88 e.V."]

1. e4 e5 2. Nf3 Nc6 3. Bc4 Nf6 4. d3 Bc5 5. Be3 Bb6 6. Nc3 d6 7. Ne2 Be6 8.
Bxe6 fxe6 9. Bxb6 axb6 10. c3 O-O 11. Qb3 Qe7 12. O-O-O Ng4 13. Rdf1 Rad8 14.
h3 Nf6 15. Nd2 d5 16. Qc2 Rd7 17. Nb3 Rfd8 18. f3 Nh5 19. Kb1 Qg5 20. g4 Nf4
21. h4 Qf6 22. g5 Qf8 23. Nbc1 Rf7 24. h5 Rfd7 25. Rhg1 Nxh5 26. d4 exd4 27.
cxd4 Nf4 28. Rh1 g6 29. Rh6 Nxe2 30. Nxe2 dxe4 31. Qxe4 Qf5 32. Ng3 Qd5 33.
Rfh1 Nb4 34. Qxg6+ 1/2-1/2

[Event "Int. Stuttgarter Stadtmeisterschaft A"]
[Site "Ditzingen"]
[Date "2013.05.11"]
[Round "5.9"]
[White "Bongartz, Philipp"]
[Black "Vaysberg, Alexander"]
[Result "1/2-1/2"]
[WhiteElo "2121"]
[BlackElo "2202"]
[PlyCount "115"]
[EventDate "2013.??.??"]
[WhiteTeam "Godesberger Schachklub 1929 e.V."]
[BlackTeam "SG Ludwigsburg 1919"]

1. e4 d5 2. exd5 Nf6 3. d4 Nxd5 4. Nf3 Bg4 5. Be2 e6 6. O-O Be7 7. c4 Nb6 8.
Nc3 O-O 9. h3 Bxf3 10. Bxf3 Nc6 11. Bxc6 bxc6 12. b3 Bf6 13. Ba3 Re8 14. Bc5
Nd7 15. Ne4 Nxc5 16. Nxf6+ Qxf6 17. dxc5 Red8 18. Qe1 a5 19. Rd1 Rd4 20. Rd2
Qd8 21. Rxd4 Qxd4 22. Qe3 Rd8 23. Qxd4 Rxd4 24. Rb1 g5 25. a3 h5 26. Kf1 a4 27.
bxa4 Rxc4 28. Rb7 Rxa4 29. Rxc7 Ra6 30. Ke2 Kg7 31. g3 Kg6 32. a4 f6 33. Rd7
Kf5 34. Rd6 Ke5 35. Ke3 g4 36. hxg4 hxg4 37. Ke2 Kf5 38. Ke3 e5 39. Ke2 Kg5 40.
Re6 Kg6 41. Rd6 Kf7 42. Rd7+ Ke6 43. Rd6+ Ke7 44. Ke3 f5 45. f3 gxf3 46. Kxf3
Rxa4 47. Rxc6 Rc4 48. Kf2 Rc3 49. Kg2 e4 50. Kf2 Rf3+ 51. Kg2 Rd3 52. Kf2 Rd5
53. Ke3 Kd7 54. Rd6+ Rxd6 55. cxd6 Kxd6 56. g4 Ke5 57. gxf5 Kxf5 58. Ke2
1/2-1/2

[Event "Int. Stuttgarter Stadtmeisterschaft A"]
[Site "Ditzingen"]
[Date "2013.05.11"]
[Round "5.10"]
[White "Gutman, Lev"]
[Black "Schröder, Kevin"]
[Result "1-0"]
[WhiteElo "2467"]
[BlackElo "2046"]
[PlyCount "103"]
[EventDate "2013.??.??"]
[WhiteTeam "SV Lingen"]
[BlackTeam "LSV Turm Lippstadt"]

1. Nf3 c5 2. g3 Nc6 3. d4 cxd4 4. Nxd4 g6 5. Bg2 Bg7 6. c3 Nf6 7. O-O O-O 8.
Qa4 Nxd4 9. cxd4 d5 10. Qb4 b6 11. Nc3 Be6 12. Bf4 Qd7 13. Be5 Rfc8 14. a4 Rc6
15. a5 Rac8 16. Qb5 Rxc3 17. Qxd7 Nxd7 18. bxc3 Nxe5 19. dxe5 Bxe5 20. axb6
axb6 21. Rab1 Rxc3 22. Rxb6 Rc2 23. Bf3 Kg7 24. Rb5 Bf6 25. Re1 d4 26. Be4 Rc3
27. Bd3 Bc4 28. Bxc4 Rxc4 29. f4 Rc2 30. Rd5 e6 31. Rd7 h5 32. Kf2 e5 33. Rb1
Rc8 34. Rbb7 Rf8 35. Kf3 Kg8 36. Rb6 Bg7 37. Rdb7 Re8 38. Rb8 e4+ 39. Kf2 Rxb8
40. Rxb8+ Kh7 41. Re8 f5 42. h3 Bf6 43. g4 Bh4+ 44. Kg2 Be1 45. Re7+ Kg8 46.
gxf5 gxf5 47. Re5 Bd2 48. Rxf5 Kg7 49. Rxh5 Kf6 50. Re5 e3 51. Kf3 Bc3 52. Rd5
1-0

[Event "Int. Stuttgarter Stadtmeisterschaft A"]
[Site "Ditzingen"]
[Date "2013.05.11"]
[Round "5.11"]
[White "Englert, Fabian"]
[Black "Wettengel, Alexander"]
[Result "1/2-1/2"]
[WhiteElo "2244"]
[BlackElo "2096"]
[PlyCount "91"]
[EventDate "2013.??.??"]
[WhiteTeam "SK 1982 Klingenberg/Main"]
[BlackTeam "Stuttgarter SF 1879"]

1. g3 d5 2. Nf3 Nc6 3. d4 Bg4 4. Bg2 e6 5. O-O Nf6 6. b3 Be7 7. Bb2 O-O 8. Nbd2
Bf5 9. Ne5 Nxe5 10. dxe5 Ne4 11. Nxe4 Bxe4 12. Bxe4 dxe4 13. Qc1 Bg5 14. Qb1
Qd5 15. c4 Qc6 16. Qc2 Rfd8 17. Rad1 Be7 18. Bd4 b6 19. Be3 Rxd1 20. Rxd1 Rd8
21. Rb1 a5 22. Kg2 h6 23. Rd1 Rxd1 24. Qxd1 Kh7 25. Qc2 Kg8 26. g4 Kf8 27. Kg3
Kg8 28. h4 Qb7 29. g5 hxg5 30. hxg5 g6 31. Kf4 Qa8 32. Qd1 Qc6 33. Qh1 Kg7 34.
Qb1 Qb7 35. Qc1 Qc6 36. Qd1 Kh7 37. Qd4 Kg7 38. Qc3 Bb4 39. Qc1 Be7 40. Qc2 Qa8
41. Qd2 Qc6 42. Kg3 Kg8 43. Qd4 Kg7 44. Kh2 Kg8 45. Kg1 Kg7 46. Kh2 1/2-1/2

[Event "Int. Stuttgarter Stadtmeisterschaft A"]
[Site "Ditzingen"]
[Date "2013.05.11"]
[Round "5.12"]
[White "Pfeifer, Wilfried"]
[Black "Kvetny, Mark"]
[Result "0-1"]
[WhiteElo "2050"]
[BlackElo "2269"]
[PlyCount "90"]
[EventDate "2013.??.??"]
[WhiteTeam "TSF Ditzingen"]
[BlackTeam "Stuttgarter SF 1879"]

1. f4 d5 2. Nf3 g6 3. e3 Bg7 4. Be2 c5 5. O-O Nc6 6. d3 Nf6 7. Nbd2 O-O 8. e4
Ng4 9. Nb3 c4 10. dxc4 dxe4 11. Ng5 Nf6 12. c3 h6 13. Nh3 Bxh3 14. Qxd8 Raxd8
15. gxh3 Nd7 16. Be3 e5 17. Rad1 f5 18. h4 Kh7 19. h5 exf4 20. Bxf4 Nde5 21.
hxg6+ Nxg6 22. Bd6 Rf6 23. c5 Nce5 24. Rd5 f4 25. Rxe5 Nxe5 26. Kh1 Ng6 27. Nd4
Bf8 28. Bc7 Rd7 29. Bb8 Bxc5 30. Bg4 Re7 31. Nf5 Ref7 32. b4 Rxf5 33. Bxf5 Rxf5
34. bxc5 Rxc5 35. Bxa7 Rxc3 36. Bb8 f3 37. Bg3 Kg7 38. Kg1 Kf6 39. Rb1 e3 40.
h3 Rc2 41. Kf1 Rg2 42. Rb6+ Kf5 43. Rb5+ Ke4 44. Rb4+ Kd5 45. Rg4 Ne5 0-1

[Event "Int. Stuttgarter Stadtmeisterschaft A"]
[Site "Ditzingen"]
[Date "2013.05.11"]
[Round "5.13"]
[White "Löhr, Markus"]
[Black "Keller, Harald"]
[Result "1-0"]
[WhiteElo "2235"]
[BlackElo "2049"]
[PlyCount "117"]
[EventDate "2013.??.??"]
[WhiteTeam "SK Schmiden/Cannstatt"]
[BlackTeam "SV Rottweil"]

1. d4 Nf6 2. c4 e5 3. dxe5 Ng4 4. Bf4 Nc6 5. Nf3 Bb4+ 6. Nbd2 Qe7 7. e3 Ngxe5
8. Nxe5 Nxe5 9. Be2 a5 10. O-O Bxd2 11. Qxd2 O-O 12. Qc3 d6 13. c5 Bf5 14. cxd6
cxd6 15. Rac1 Be4 16. Rfd1 Bc6 17. Qa3 Rfd8 18. Rd2 Qf6 19. Rcd1 d5 20. Qc3 Re8
21. Bxe5 Rxe5 22. Rd4 a4 23. Rf4 Qe7 24. a3 Rd8 25. Qb4 Qxb4 26. Rxb4 g6 27.
Rbd4 Ra8 28. Bf3 Ra5 29. Rc1 Kf8 30. Be2 Re4 31. Rd2 Ke7 32. Bf3 Re5 33. h4 h5
34. Rd4 f5 35. Rb4 Kf6 36. Kf1 Re7 37. Ke1 Ke5 38. Kd2 Kd6 39. g3 Rc5 40. Rxc5
Kxc5 41. Rd4 Re8 42. Kc3 Ra8 43. Be2 Ra5 44. f3 Ra8 45. g4 fxg4 46. fxg4 Re8
47. Kd2 hxg4 48. Rxg4 Re4 49. Rxe4 dxe4 50. Kc3 Bd5 51. Bg4 b5 52. Bd7 Bf7 53.
Bc8 Bd5 54. Bg4 Bf7 55. Bd7 g5 56. hxg5 Bg6 57. Bg4 Bh7 58. Bh5 Bf5 59. Bf7 1-0